Agricultural development : An international perspective
Contents: I. Problems and theory; II. International comparisions; III. Agricultural growth in the united states and japan;... .
Guardado en:
| Autor principal: | |
|---|---|
| Formato: | Libro |
| Lenguaje: | Undetermined |
| Publicado: |
Baltimore
Johns Hopkins University Press
1985
|
| Materias: | |
| Etiquetas: |
Agregar Etiqueta
Sin Etiquetas, Sea el primero en etiquetar este registro!
|
| Thư viện lưu trữ: | Trung tâm Học liệu Trường Đại học Cần Thơ |
|---|
| LEADER | 00760nam a2200217Ia 4500 | ||
|---|---|---|---|
| 001 | CTU_226856 | ||
| 008 | 210402s9999 xx 000 0 und d | ||
| 082 | |a 338.1 | ||
| 082 | |b H413 | ||
| 100 | |a Hayami, Yujiro | ||
| 245 | 0 | |a Agricultural development : | |
| 245 | 3 | |b An international perspective | |
| 245 | 0 | |c Yujiro Hayami, Vernon W. Ruttan | |
| 260 | |a Baltimore | ||
| 260 | |b Johns Hopkins University Press | ||
| 260 | |c 1985 | ||
| 520 | |a Contents: I. Problems and theory; II. International comparisions; III. Agricultural growth in the united states and japan;... . | ||
| 650 | |a Nông nghiệp,Agriculture | ||
| 650 | |x Khía cạnh kinh tế,Economic aspects | ||
| 910 | |b nthai | ||
| 980 | |a Trung tâm Học liệu Trường Đại học Cần Thơ | ||